Autonomous Areas of the World- Flags - Statistics

General Stats
  • This quiz has been taken 124 times
  • The average score is 29 of 105
Answer Stats
Picture Hint Answer % Correct
China Hong Kong
93%
China Macau
88%
Denmark Faroe Islands
86%
China Tibet
85%
Denmark Greenland
82%
Italy Sicily
65%
Iraq Kurdistan
64%
Georgia South Ossetia
64%
Moldova Transnistria
62%
Netherlands Aruba
61%
France New Caledonia
61%
Antigua and Barbuda Barbuda
57%
Finland Aland Islands
54%
Georgia Abkhazia
53%
France French Polynesia
53%
Italy Sardinia
53%
Netherlands Curacao
51%
China Inner Mongolia
49%
United Kingdom Isle of Man
46%
United States Puerto Rico
43%
United Kingdom Jersey
42%
United States US Virgin Islands
42%
Russia Crimea
41%
United States Guam
41%
Russia Chechnya
39%
France St. Martin
39%
United Kingdom Gibraltar
38%
Netherlands Sint Maarten
38%
France St. Pierre and Miquelon
38%
France Wallis and Futuna
38%
United States American Samoa
36%
China Xinjiang
35%
Portugal Azores
34%
Russia Dagestan
32%
United Kingdom Guernsey
32%
United Kingdom Bermuda
31%
Papua New Guinea Bougainville
31%
United Kingdom Falkland Islands
30%
France St. Barthelemy
30%
United Kingdom British Virgin Islands
27%
Russia Buryatia
27%
Portugal Madeira
27%
St. Kitts and Nevis Nevis
27%
United Kingdom Anguilla
26%
Indonesia Papua
26%
Tanzania Zanzibar
24%
Indonesia Aceh
23%
Georgia Adjara
23%
Italy Aosta Valley
23%
United Kingdom Cayman Islands
23%
Moldova Gagauzia
23%
Greece Mount Athos
23%
Russia Tatarstan
23%
Azerbaijan Nakhchivan
22%
United Kingdom Montserrat
20%
United States Northern Mariana Islands
20%
São Tomé and Principe Principe
20%
United Kingdom British Indian Ocean Territory
19%
Russia Kalmykia
19%
Russia Sakha
19%
Russia Tuva
19%
Russia Altai
18%
Russia Mari El
18%
Russia Karelia
16%
Fiji Rotuma
16%
United Kingdom St. Helena
16%
Russia Udmurtia
16%
Russia Adygea
15%
Russia Ingushetia
15%
Russia Komi
15%
China Ningxia
15%
Russia North Ossetia-Alania
15%
Serbia Vojvodina
15%
Pakistan Azad Kashmir
14%
Russia Bashkortostan
14%
Russia Chuvashia
14%
United Kingdom Pitcairn Islands
14%
Uzbekistan Karakalpakstan
12%
United Kingdom Tristan da Cunha
12%
Indonesia Yogyakarta
12%
United Kingdom Ascension Island
11%
Russia Mordovia
11%
Mauritius Rodrigues
11%
United Kingdom Turks and Caicos Islands
11%
Philippines Bangsamoro
9%
Italy Friuli-Venezia Giulia
9%
South Korea Jeju
9%
Russia Khakassia
8%
Nicaragua North Caribbean Coast
8%
Indonesia South Papua
8%
Italy Trentino-Alto Adige
8%
Russia Kabardino-Balkaria
7%
Nicaragua South Caribbean Coast
7%
United Kingdom South Georgia and the South Sandwich Islands
7%
Russia Karachay-Cherkessia
5%
United Kingdom Akrotiri and Dhekelia
4%
Tajikistan Gorno-Badakhshan
4%
Indonesia Highland Papua
3%
Indonesia Southwest Papua
3%
Panama Embera-Wounaan
1%
Panama Kuna de Madugandi
1%
Panama Kuna de Wargandi
1%
Panama Kuna Yala
1%
Panama Naso Tjer Di
1%
Panama Ngobe-Bugle
1%
No matching quizzes found
Score Distribution
Percent of People with Each Score
Percentile by Number Answered
Your Score History
You have not taken this quiz